=LDR 00000nam 2200000 4500 =001 INLIS000000000003924 =005 20250616014329 =035 ##$$a 0010-0625000129 =007 ta =008 250616###########################0#ind## =020 ##$$a - =082 ##$$a 378.2 =084 ##$$a 378.2 BAD r =245 1#$$a RENCANA KERJA PENINGKATAN KINERJA PERENCANA ANGGARAN PADA SUB BAGIAN PENYUSUNAN ANGGARAN PEMBANGUNAN BIRO KEUANGAN DAN PERENCANAAN ANGGARAN : $b - /$c Badan Koordinasi Keluarga Berencana Nasional =250 ##$$a cetakan pertama =260 ##$$a Jakarta :$b Badan Koordinasi Keluarga Berencana Nasional =300 ##$$a 59 halaman : $b - ; $c 21 cm$e - =650 #4$$a Keluarga Berencana =110 #$$a Badan Koordinasi Keluarga Berencana Nasional =710 #$$a Lembaga Administrasi Nasional =856 ##$$a Perpustakaan BKKBN